000 00586nam a2200205Ia 4500
005 20250923150013.0
008 008 250917s9999 xx 000 0 eng d
037 _aTextual
040 _aDSWL
_beng
_cDSWL
041 _aeng
_2eng
084 _aY73(Q7)OaT.2, N97
_qDSWL
100 _aMondal, Sekh
_9841195
245 0 _aEducational status of Muslims
_c by Sekh Mondal
260 _aNew Delhi
_bInter India Publication
_c1997
300 _a264 p.
365 _aINR
_b335.00
925 _g335.00
942 _cTEXL
_hY73(Q7)OaT.2, N97
999 _c1458398
_d1458398